[Event "XXXIV Festival Conca della Presolana Magistrale"]
[Site "Bratto - Castione della Presolana ITA"]
[Date "2014.08.26"]
[Round "5"]
[White "Qendro, Llambi"]
[Black "Kohlweyer, Bernd"]
[WhiteElo "2330"]
[BlackElo "2422"]
[Result "1/2-1/2"]
[PlyCount "37"]
[EventDate "2014.08.22"]

1. d4 Nf6 2. c4 e6 3. Nf3 d5 4. cxd5 exd5 5. Nc3 c6 6. Bg5 h6 7. Bf4 Bf5 8. e3
Nbd7 9. Bd3 Bxd3 10. Qxd3 Be7 11. h3 a5 12. Qc2 Nb6 13. O-O O-O 14. Ne5 Bd6 15.
Nd3 Bxf4 16. Nxf4 Re8 17. Nd3 Nc4 18. b3 Nd6 19. Ne5 1/2-1/2

[Event "XXXIV Festival Conca della Presolana Magistrale"]
[Site "Bratto - Castione della Presolana ITA"]
[Date "2014.08.26"]
[Round "5"]
[White "Ricci, Marco"]
[Black "Ceccarini, Marco"]
[WhiteElo "2061"]
[BlackElo "2094"]
[Result "0-1"]
[PlyCount "32"]
[EventDate "2014.08.22"]

1. e4 e5 2. Nf3 Nc6 3. Bb5 a6 4. Bxc6 dxc6 5. O-O Bg4 6. h3 h5 7. d3 Qf6 8.
Nbd2 Ne7 9. Re1 Ng6 10. d4 Nf4 11. hxg4 hxg4 12. Nh2 Nxg2 13. Kxg2 Rxh2+ 14.
Kxh2 Qxf2+ 15. Kh1 g3 16. Qe2 g2+ 0-1

[Event "XXXIV Festival Conca della Presolana Magistrale"]
[Site "Bratto - Castione della Presolana ITA"]
[Date "2014.08.26"]
[Round "5"]
[White "Roeder, Matthias"]
[Black "Murgia, Andrea"]
[WhiteElo "2422"]
[BlackElo "1967"]
[Result "1-0"]
[PlyCount "51"]
[EventDate "2014.08.22"]

1. Nf3 f5 2. c4 Nf6 3. g3 g6 4. Bg2 Bg7 5. O-O O-O 6. Nc3 d6 7. d4 c6 8. Rb1
Na6 9. b4 Nc7 10. a4 h6 11. Ba3 Ne4 12. Nxe4 fxe4 13. Nh4 g5 14. Ng6 Rf6 15.
Bxe4 Bh3 16. Re1 Qe8 17. Qc2 Qf7 18. e3 Re8 19. f4 Re6 20. Bd3 Rxe3 21. Rxe3
Bxd4 22. Rbe1 Qe6 23. Bc1 b5 24. Kh1 Bxe3 25. Rxe3 Qd7 26. Bb2 1-0

[Event "XXXIV Festival Conca della Presolana Magistrale"]
[Site "Bratto - Castione della Presolana ITA"]
[Date "2014.08.26"]
[Round "5"]
[White "Sharma, Dinesh K."]
[Black "Harshal, Shahi"]
[WhiteElo "2359"]
[BlackElo "2159"]
[Result "1-0"]
[PlyCount "39"]
[EventDate "2014.08.22"]

1. e4 c5 2. Nf3 e6 3. d4 cxd4 4. Nxd4 Nc6 5. Nc3 Qc7 6. Be3 a6 7. Bd3 Nf6 8.
O-O Be7 9. Kh1 O-O 10. f4 d6 11. Qf3 Rb8 12. Rae1 b5 13. e5 Nxd4 14. Bxd4 Ne8
15. exd6 Bxd6 16. Ne4 Bb7 17. Qh3 Bxe4 18. Rxe4 g6 19. f5 exf5 20. Qxh7+ 1-0

[Event "XXXIV Festival Conca della Presolana Magistrale"]
[Site "Bratto - Castione della Presolana ITA"]
[Date "2014.08.26"]
[Round "5"]
[White "Steingrimsson, Hedinn"]
[Black "Sveshnikov, Vladimir"]
[WhiteElo "2536"]
[BlackElo "2380"]
[Result "1/2-1/2"]
[PlyCount "89"]
[EventDate "2014.08.22"]

1. e4 Nf6 2. e5 Nd5 3. d4 d6 4. Nf3 dxe5 5. Nxe5 c6 6. Be2 Bf5 7. O-O Nd7 8.
Nf3 e6 9. c4 N5f6 10. Nc3 Ne4 11. Qb3 Nxc3 12. bxc3 Qc7 13. Nh4 Bg6 14. g3 b6
15. Nxg6 hxg6 16. a4 Bd6 17. a5 O-O 18. Be3 c5 19. Qa2 Rab8 20. axb6 axb6 21.
Qa7 Rfc8 22. Qxc7 Rxc7 23. f4 Kf8 24. Ra6 Ke7 25. Rfa1 Nf6 26. Rb1 Nd7 27. Kf2
Rcc8 28. Rba1 Rc7 29. R1a2 Rh8 30. Kg2 Rb8 31. Bd3 b5 32. cxb5 c4 33. Be2 Rxb5
34. Bd2 Nb6 35. R6a5 Rb1 36. Bf3 f5 37. Kf2 Kd7 38. Ke2 Rc8 39. Ra7+ Bc7 40.
Rb7 Rb8 41. Rxb8 Bxb8 42. Ra6 Bd6 43. Ra7+ Bc7 44. Ra6 Bd6 45. Ra7+ 1/2-1/2

[Event "XXXIV Festival Conca della Presolana Magistrale"]
[Site "Bratto - Castione della Presolana ITA"]
[Date "2014.08.26"]
[Round "5"]
[White "Stopa, Jacek"]
[Black "David, Alberto"]
[WhiteElo "2498"]
[BlackElo "2565"]
[Result "1/2-1/2"]
[PlyCount "113"]
[EventDate "2014.08.22"]

1. d4 d5 2. c4 dxc4 3. e4 Nc6 4. Nf3 Bg4 5. Be3 e6 6. Nc3 Nf6 7. Qa4 Nd7 8.
Qxc4 Nb6 9. Qd3 f5 10. Qb5 a6 11. Qb3 fxe4 12. Ne5 Nxe5 13. dxe5 Qd7 14. h3 Bh5
15. g4 Bg6 16. Rd1 Qc6 17. Rc1 Nd5 18. Nxd5 Qxd5 19. Bc4 Qa5+ 20. Bd2 Qxe5 21.
Qxb7 Rd8 22. Bxa6 Bd6 23. Qb5+ Kf7 24. Qxe5 Bxe5 25. Bc3 Bf4 26. Rd1 Rxd1+ 27.
Kxd1 h5 28. Rf1 hxg4 29. hxg4 Ke7 30. Ke2 Be8 31. Bxg7 Rg8 32. Bd4 Rxg4 33. Rh1
Rg5 34. Be3 Bxe3 35. Kxe3 Bc6 36. b4 Rg8 37. Bc4 Rb8 38. b5 Bd5 39. Kd4 Ra8 40.
Bxd5 exd5 41. Rh7+ Kd6 42. Rh6+ Kd7 43. Ra6 Rf8 44. Kxd5 Rxf2 45. Kxe4 Rb2 46.
a4 Kc8 47. Kd4 Rb4+ 48. Kc3 Rh4 49. Kb3 Rh3+ 50. Kb4 Rh4+ 51. Ka5 Kb7 52. Re6
Rg4 53. Re3 Rf4 54. Rb3 Re4 55. Rb4 Re1 56. Rc4 Rb1 57. Re4 1/2-1/2

[Event "XXXIV Festival Conca della Presolana Magistrale"]
[Site "Bratto - Castione della Presolana ITA"]
[Date "2014.08.26"]
[Round "5"]
[White "Sulava, Nenad"]
[Black "Cattaneo, Marco"]
[WhiteElo "2462"]
[BlackElo "2151"]
[Result "1-0"]
[PlyCount "113"]
[EventDate "2014.08.22"]

1. Nf3 Nf6 2. d4 d5 3. c4 c6 4. cxd5 cxd5 5. Nc3 Nc6 6. Bf4 Bf5 7. Ne5 Qb6 8.
Nxc6 bxc6 9. Qd2 e6 10. f3 Be7 11. Rc1 Qa5 12. g4 Bg6 13. e3 O-O 14. a3 Rfc8
15. Be2 a6 16. Kf2 Qd8 17. Na4 Nd7 18. Rc3 c5 19. dxc5 Nxc5 20. Nxc5 Rxc5 21.
Rhc1 Rxc3 22. Qxc3 Bf6 23. Be5 Bxe5 24. Qxe5 h5 25. h3 hxg4 26. hxg4 a5 27. a4
Rc8 28. Rh1 Qc7 29. Qg5 Qd8 30. Qxd8+ Rxd8 31. Rc1 Rb8 32. Bb5 f6 33. Rc7 Be8
34. Bxe8 Rxe8 35. Rc5 Ra8 36. Ke2 Kf7 37. Kd3 Ra7 38. Kd4 Ke7 39. Rb5 Kd7 40.
Kc5 Kc7 41. f4 Ra6 42. b3 g5 43. f5 Rc6+ 44. Kd4 exf5 45. gxf5 Rb6 46. Rxa5
Rxb3 47. Ra6 Kd7 48. Rxf6 Rb4+ 49. Kxd5 Rxa4 50. Rf7+ Ke8 51. Rg7 Rg4 52. e4
Kf8 53. f6 Rg1 54. Ke6 g4 55. Ra7 Kg8 56. Ra8+ Kh7 57. f7 1-0

[Event "XXXIV Festival Conca della Presolana Magistrale"]
[Site "Bratto - Castione della Presolana ITA"]
[Date "2014.08.26"]
[Round "5"]
[White "Ulybin, Mikhail"]
[Black "Locatelli, Andrea"]
[WhiteElo "2501"]
[BlackElo "2138"]
[Result "1-0"]
[PlyCount "65"]
[EventDate "2014.08.22"]

1. c4 Nf6 2. d4 g6 3. Nc3 d6 4. e4 Bg7 5. Nf3 O-O 6. Be2 e5 7. O-O Nc6 8. d5
Ne7 9. Nd2 Ne8 10. b4 f5 11. c5 Nf6 12. f3 f4 13. Nc4 g5 14. g4 Ng6 15. a4 h5
16. h3 hxg4 17. hxg4 Rf7 18. Kf2 Bf8 19. Ba3 Nh4 20. Rh1 Ne8 21. Qg1 a5 22.
bxa5 dxc5 23. Rd1 Nd6 24. Nxe5 Qf6 25. Nxf7 Qxc3 26. Nxg5 Qe3+ 27. Kf1 Qxa3 28.
Qh2 Bg7 29. Qxh4 Qc3 30. Qh7+ Kf8 31. Qg6 Qe5 32. Rh5 Ke7 33. Ne6 1-0

[Event "XXXIV Festival Conca della Presolana Magistrale"]
[Site "Bratto - Castione della Presolana ITA"]
[Date "2014.08.26"]
[Round "5"]
[White "Valenti, Giuseppe"]
[Black "Garofalo, Pietro"]
[WhiteElo "2153"]
[BlackElo "2073"]
[Result "0-1"]
[PlyCount "108"]
[EventDate "2014.08.22"]

1. d4 e6 2. e4 d5 3. Nd2 Nf6 4. e5 Nfd7 5. Bd3 c5 6. c3 Nc6 7. Ne2 cxd4 8. cxd4
f6 9. exf6 gxf6 10. Nf4 Nxd4 11. Qh5+ Ke7 12. Ng6+ hxg6 13. Qxh8 Qe8 14. Qh7+
Qf7 15. Qxg6 Qxg6 16. Bxg6 f5 17. O-O Ne2+ 18. Kh1 Nf4 19. Bh7 Kf7 20. Nf3 Nd3
21. Ng5+ Kg7 22. Nxe6+ Kxh7 23. Nc7 Rb8 24. Nxd5 Bg7 25. Rb1 N7c5 26. Be3 Be6
27. Nc3 b6 28. Rfd1 Nxb2 29. Rxb2 Bxc3 30. Rc2 Na4 31. Rd6 Re8 32. h3 Kg6 33.
Rd3 Be5 34. f4 Bb8 35. Bc1 Nc5 36. Rg3+ Kf7 37. Ra3 Bd5 38. Kh2 Re1 39. Kg3 Rf1
40. Be3 a5 41. Kh4 Bxf4 42. Bxc5 bxc5 43. Rxa5 Be3 44. Rb2 Rf2 45. Rxf2 Bxf2+
46. Kg5 Ke6 47. Kf4 Bxg2 48. Ra6+ Kd5 49. Kxf5 Bxh3+ 50. Kf4 Bf1 51. Ra8 c4 52.
Rd8+ Kc5 53. Kf3 Bd4 54. Rc8+ Kb4 0-1

[Event "XXXIV Festival Conca della Presolana Magistrale"]
[Site "Bratto - Castione della Presolana ITA"]
[Date "2014.08.26"]
[Round "5"]
[White "Ventura, Salvatore"]
[Black "Scagliotti, Mauro"]
[WhiteElo "2059"]
[BlackElo "2043"]
[Result "1-0"]
[PlyCount "137"]
[EventDate "2014.08.22"]

1. c4 e5 2. g3 Nc6 3. Nc3 g6 4. Bg2 d6 5. e4 Bg7 6. Nge2 f5 7. d3 Nf6 8. O-O
O-O 9. Nd5 Ne7 10. Bg5 c6 11. Nxf6+ Bxf6 12. Bxf6 Rxf6 13. d4 Qc7 14. Qd2 fxe4
15. dxe5 dxe5 16. Nc3 Bf5 17. Rad1 Raf8 18. h3 Qb6 19. g4 Be6 20. Nxe4 Rf4 21.
b3 Qc7 22. Nc5 Bc8 23. Qe3 g5 24. Nd3 Ng6 25. Nxf4 exf4 26. Qe4 f3 27. Bxf3 Rf4
28. Qd3 Rf8 29. Be4 Nf4 30. Qd6 Qxd6 31. Rxd6 Nxh3+ 32. Kg2 Bxg4 33. Kg3 h5 34.
f3 Bc8 35. Rg6+ Kf7 36. Rh6 Nf4 37. Rd1 h4+ 38. Kh2 Ne6 39. Rh7+ Kf6 40. b4 Rd8
41. Rh6+ Ke5 42. Re1 Kd4 43. Bf5 Nf4 44. Bxc8 Rxc8 45. Re4+ Kc3 46. c5 b6 47.
Rd6 bxc5 48. bxc5 Rb8 49. Rxf4 gxf4 50. Kh3 Kc4 51. Rxc6 Kd5 52. Rc7 Rb2 53.
Rxa7 Kxc5 54. Kxh4 Rg2 55. Ra4 Kd6 56. Rxf4 Rxa2 57. Re4 Rg2 58. f4 Kd5 59. Re1
Rg8 60. f5 Kd6 61. Kh5 Rg2 62. f6 Rf2 63. Kg6 Rg2+ 64. Kf7 Rf2 65. Kg7 Rg2+ 66.
Kf8 Kd7 67. f7 Rf2 68. Rd1+ Ke6 69. Ke8 1-0

[Event "XXXIV Festival Conca della Presolana Magistrale"]
[Site "Bratto - Castione della Presolana ITA"]
[Date "2014.08.27"]
[Round "6"]
[White "Aghayev, Miragha"]
[Black "Ulybin, Mikhail"]
[WhiteElo "2357"]
[BlackElo "2501"]
[Result "1/2-1/2"]
[PlyCount "43"]
[EventDate "2014.08.22"]

1. e4 e6 2. d4 d5 3. Nd2 Nf6 4. e5 Nfd7 5. Bd3 c5 6. c3 Nc6 7. Ne2 cxd4 8. cxd4
f6 9. exf6 Nxf6 10. Nf3 Bd6 11. O-O O-O 12. Bf4 Bxf4 13. Nxf4 Qd6 14. Ne2 Ng4
15. Ng3 e5 16. dxe5 Ngxe5 17. Nxe5 Nxe5 18. Bc2 d4 19. Qd2 d3 20. Bb3+ Kh8 21.
Qc3 Bg4 22. Rae1 1/2-1/2

[Event "XXXIV Festival Conca della Presolana Magistrale"]
[Site "Bratto - Castione della Presolana ITA"]
[Date "2014.08.27"]
[Round "6"]
[White "Bianco, Valerio"]
[Black "Cugini, Verter"]
[WhiteElo "2058"]
[BlackElo "2079"]
[Result "1/2-1/2"]
[PlyCount "84"]
[EventDate "2014.08.22"]

1. e4 e6 2. d4 d5 3. Nd2 Nf6 4. e5 Ne4 5. Nxe4 dxe4 6. Bc4 a6 7. a4 b6 8. Ne2
Bb7 9. Nf4 Nc6 10. c3 Na5 11. Ba2 c5 12. Be3 cxd4 13. cxd4 Bb4+ 14. Kf1 g6 15.
d5 Bc5 16. dxe6 Qxd1+ 17. Rxd1 fxe6 18. Bxc5 bxc5 19. Bxe6 Rd8 20. Rxd8+ Kxd8
21. Ke2 Ke7 22. Rd1 Bc6 23. Bd5 Rb8 24. Bxc6 Rxb2+ 25. Rd2 Rxd2+ 26. Kxd2 Nxc6
27. Ke3 Nxe5 28. Kxe4 Kd6 29. h4 Nd7 30. Nd5 Nf8 31. g4 Ne6 32. Nb6 Nd4 33.
Nc4+ Ke6 34. Ne3 Nb3 35. Kd3 Kd6 36. f4 Na5 37. Kc3 Nb7 38. Kd3 Nd8 39. Nc4+
Kd5 40. Ne3+ Kd6 41. Nc4+ Kd5 42. Ne3+ Kd6 1/2-1/2

[Event "XXXIV Festival Conca della Presolana Magistrale"]
[Site "Bratto - Castione della Presolana ITA"]
[Date "2014.08.27"]
[Round "6"]
[White "Bonato, Mariano"]
[Black "Hunt, Adam C."]
[WhiteElo "2139"]
[BlackElo "2428"]
[Result "0-1"]
[PlyCount "68"]
[EventDate "2014.08.22"]

1. e4 c5 2. Nf3 e6 3. d4 cxd4 4. Nxd4 a6 5. Bd3 Bc5 6. Nb3 Be7 7. O-O d6 8. c4
Nf6 9. f4 Qc7 10. Nc3 Nc6 11. Be3 Nd7 12. Rc1 Nc5 13. Bb1 b6 14. Nd4 Bb7 15.
Qg4 Bf6 16. Nxc6 Qxc6 17. b4 Nd7 18. Bd3 O-O 19. Rf3 g6 20. Ne2 Bg7 21. Nd4 Qc7
22. Rh3 h5 23. Qe2 e5 24. fxe5 Nxe5 25. Rg3 Nxd3 26. Qxd3 Rae8 27. Nf5 Bxe4 28.
Qxd6 Be5 29. Qxc7 Bxc7 30. Nh6+ Kg7 31. Rh3 f5 32. Rd1 Rd8 33. Bd2 f4 34. Bc3+
Kxh6 0-1

[Event "XXXIV Festival Conca della Presolana Magistrale"]
[Site "Bratto - Castione della Presolana ITA"]
[Date "2014.08.27"]
[Round "6"]
[White "Bresciani, Nicola"]
[Black "Podini, Francesco"]
[WhiteElo "2226"]
[BlackElo "2031"]
[Result "1-0"]
[PlyCount "115"]
[EventDate "2014.08.22"]

1. e4 c5 2. Nf3 e6 3. d4 cxd4 4. Nxd4 Nf6 5. Nc3 d6 6. Be2 a6 7. O-O Be7 8. f4
O-O 9. Kh1 Qc7 10. Qe1 b5 11. Bf3 Bb7 12. e5 dxe5 13. fxe5 Nfd7 14. Qg3 Kh8 15.
Bxb7 Qxb7 16. Bf4 b4 17. Nce2 Nc6 18. Qf3 Rac8 19. Rad1 Nb6 20. c4 bxc3 21.
Nxc3 Qc7 22. Ne4 Nxd4 23. Rxd4 Nd5 24. Rdd1 Qb6 25. Bg5 Bxg5 26. Nxg5 f6 27.
Nxe6 Qxe6 28. Qxd5 Qxe5 29. Qxe5 fxe5 30. Rxf8+ Rxf8 31. Kg1 Kg8 32. Rd5 Re8
33. Kf2 Re6 34. b4 Kf7 35. Ke3 Kf6 36. a4 Rc6 37. Rc5 Rd6 38. b5 axb5 39. axb5
Rd4 40. Rc6+ Kf5 41. Rc7 Kf6 42. b6 Rb4 43. b7 h5 44. g3 g6 45. h3 Kf5 46. Kd3
e4+ 47. Kc3 Rb1 48. Kd4 Rd1+ 49. Kc5 Rb1 50. Kc6 e3 51. Re7 Rc1+ 52. Kd7 Rd1+
53. Kc8 Rc1+ 54. Rc7 Rxc7+ 55. Kxc7 e2 56. b8=Q e1=Q 57. Qf8+ Kg5 58. Qf4# 1-0

[Event "XXXIV Festival Conca della Presolana Magistrale"]
[Site "Bratto - Castione della Presolana ITA"]
[Date "2014.08.27"]
[Round "6"]
[White "Cebalo, Miso"]
[Black "Gilevych, Artem"]
[WhiteElo "2401"]
[BlackElo "2362"]
[Result "1/2-1/2"]
[PlyCount "82"]
[EventDate "2014.08.22"]

1. d4 d5 2. Nf3 Nf6 3. c4 c6 4. Nc3 e6 5. Bg5 h6 6. Bxf6 Qxf6 7. e3 Nd7 8. Bd3
Bb4 9. Qb3 Qe7 10. O-O O-O 11. a3 dxc4 12. Qxb4 Qxb4 13. axb4 cxd3 14. Rfd1 Nb6
15. Ne5 Bd7 16. Nxd3 Rfc8 17. f3 Kf8 18. Kf2 Ke7 19. e4 f6 20. b3 Rc7 21. Ke3
Be8 22. Na4 Rd8 23. Nac5 Nc8 24. Nf4 Bf7 25. e5 f5 26. Ne2 g5 27. g3 a6 28. Na4
Na7 29. Nb6 Nb5 30. Rac1 Bh5 31. Rd2 Rf8 32. h4 Rd8 33. Na4 Rcc8 34. Nc5 Rc7
35. hxg5 hxg5 36. Rh1 Bg6 37. Rh6 Rg8 38. Rd1 b6 39. Nd3 Kf7 40. Rdh1 Rg7 41.
Rh8 Rd7 1/2-1/2

[Event "XXXIV Festival Conca della Presolana Magistrale"]
[Site "Bratto - Castione della Presolana ITA"]
[Date "2014.08.27"]
[Round "6"]
[White "Ceccarini, Marco"]
[Black "Magrini, Fabrizio"]
[WhiteElo "2094"]
[BlackElo "2198"]
[Result "0-1"]
[PlyCount "106"]
[EventDate "2014.08.22"]

1. e4 c5 2. Nc3 Nc6 3. g3 g6 4. Bg2 Bg7 5. d3 d6 6. Be3 Rb8 7. Qd2 b5 8. Nge2
Nd4 9. O-O Bd7 10. f4 Qc8 11. Nd1 Bg4 12. Nc1 b4 13. c3 bxc3 14. bxc3 Nc6 15.
e5 dxe5 16. Bxc5 Rb5 17. Nb3 Nh6 18. Ne3 Bh3 19. fxe5 Bxg2 20. Qxg2 Nxe5 21. d4
Nd7 22. Qe2 Rxc5 23. dxc5 O-O 24. Nd5 Kh8 25. Nxe7 Qe8 26. Nd4 Nxc5 27. Rae1
Qd8 28. Nec6 Qd5 29. Qg2 Qc4 30. Qe2 Qxc3 31. Rd1 Na4 32. Rf3 Qc5 33. Kg2 Ng4
34. Qd3 Nb2 35. Qe4 Nxh2 36. Rd2 Nxf3 37. Qxf3 Nc4 38. Rd1 Ne5 39. Nxe5 Bxe5
40. Nc6 Qc2+ 41. Kh3 Bg7 42. a3 a6 43. Rd7 Qc4 44. Nd8 Kg8 45. Kg2 h5 46. Kh3
a5 47. Kg2 a4 48. Kh3 Bb2 49. Kg2 Kg7 50. Qe3 Kg8 51. Qf3 Qa2 52. Qf2 Qb3 53.
Nxf7 Bg7 0-1

[Event "XXXIV Festival Conca della Presolana Magistrale"]
[Site "Bratto - Castione della Presolana ITA"]
[Date "2014.08.27"]
[Round "6"]
[White "Ferro, Mario"]
[Black "Sulava, Nenad"]
[WhiteElo "2242"]
[BlackElo "2462"]
[Result "0-1"]
[PlyCount "68"]
[EventDate "2014.08.22"]

1. Nf3 c5 2. e3 Nf6 3. d4 g6 4. Be2 Bg7 5. O-O O-O 6. b3 b6 7. Bb2 Bb7 8. dxc5
bxc5 9. c4 d6 10. Nc3 Nbd7 11. Nd2 Rb8 12. Bf3 Ba6 13. Qc2 Ne5 14. Be2 Bc8 15.
Nd5 Ned7 16. Ne4 Nxe4 17. Bxg7 Kxg7 18. Qxe4 Re8 19. Qc2 Bb7 20. Rad1 Bxd5 21.
Rxd5 a5 22. h4 a4 23. Qc3+ Nf6 24. h5 axb3 25. axb3 e5 26. Rd3 gxh5 27. f4 Ne4
28. Qe1 h4 29. fxe5 Rxe5 30. Rf4 Ng3 31. Bf3 Qe7 32. Bd5 f5 33. e4 Kh8 34. Qa1
Ne2+ 0-1

[Event "XXXIV Festival Conca della Presolana Magistrale"]
[Site "Bratto - Castione della Presolana ITA"]
[Date "2014.08.27"]
[Round "6"]
[White "Franciosi, Fausto"]
[Black "Gentili, Gianguido"]
[WhiteElo "2101"]
[BlackElo "2099"]
[Result "1/2-1/2"]
[PlyCount "60"]
[EventDate "2014.08.22"]

1. d4 d6 2. Nf3 Nf6 3. c4 h6 4. g3 Bf5 5. Qb3 Qc8 6. Bg2 c6 7. Nc3 Nbd7 8. O-O
e5 9. Re1 Be7 10. e4 Bh7 11. Qd1 O-O 12. d5 Nc5 13. Nh4 a5 14. b3 g5 15. Nf5
Bxf5 16. exf5 cxd5 17. Nxd5 Nxd5 18. Qxd5 Qxf5 19. Be3 b6 20. Bxc5 bxc5 21.
Qxa8 Rxa8 22. Bxa8 g4 23. Rf1 Qg5 24. f4 gxf3 25. Rxf3 f6 26. Raf1 Qd2 27. R1f2
Qd4 28. Kg2 Kg7 29. Bd5 Qd1 30. h3 Qd4 1/2-1/2

[Event "XXXIV Festival Conca della Presolana Magistrale"]
[Site "Bratto - Castione della Presolana ITA"]
[Date "2014.08.27"]
[Round "6"]
[White "Garofalo, Pietro"]
[Black "Cattaneo, Marco"]
[WhiteElo "2073"]
[BlackElo "2151"]
[Result "1/2-1/2"]
[PlyCount "79"]
[EventDate "2014.08.22"]

1. b3 e5 2. Bb2 Nc6 3. e3 g6 4. Nf3 Bg7 5. Bb5 Nge7 6. d4 e4 7. Nfd2 f5 8. f3
O-O 9. Qe2 d5 10. f4 Nb4 11. Qd1 g5 12. g3 gxf4 13. exf4 c5 14. c3 Nbc6 15.
dxc5 d4 16. Nc4 a6 17. Bxc6 Nxc6 18. cxd4 Nxd4 19. Ne5 Bxe5 20. fxe5 Nf3+ 21.
Ke2 Qe8 22. Nc3 Be6 23. Qc1 Qh5 24. Qf4 Nxe5+ 25. Kd2 Nd3 26. Qd6 Rfe8 27. Kc2
Rad8 28. g4 Rxd6 29. gxh5 Nxc5 30. Rhg1+ Kf7 31. h6 Red8 32. Rg7+ Ke8 33. Rxh7
Rd2+ 34. Kb1 Rxh2 35. Ba3 b6 36. b4 Nd3 37. b5 Bf7 38. bxa6 Rh1+ 39. Kc2 Rh2+
40. Kb1 1/2-1/2

[Event "XXXIV Festival Conca della Presolana Magistrale"]
[Site "Bratto - Castione della Presolana ITA"]
[Date "2014.08.27"]
[Round "6"]
[White "Gleizerov, Evgeny"]
[Black "Roeder, Matthias"]
[WhiteElo "2552"]
[BlackElo "2422"]
[Result "1/2-1/2"]
[PlyCount "48"]
[EventDate "2014.08.22"]

1. d4 Nf6 2. c4 e6 3. g3 Bb4+ 4. Bd2 Be7 5. Bg2 d5 6. Nf3 O-O 7. O-O Nbd7 8.
Qb3 a5 9. Nc3 Nb6 10. c5 Nc4 11. Bf4 b6 12. cxb6 cxb6 13. Ne5 Nxe5 14. Bxe5 Ba6
15. Rfc1 Bc4 16. Qd1 Rc8 17. b3 Ba6 18. Na4 Nd7 19. Rxc8 Bxc8 20. Bf4 b5 21.
Nc3 Qb6 22. e4 dxe4 23. d5 e5 24. Be3 Bc5 1/2-1/2

[Event "XXXIV Festival Conca della Presolana Magistrale"]
[Site "Bratto - Castione della Presolana ITA"]
[Date "2014.08.27"]
[Round "6"]
[White "Kohlweyer, Bernd"]
[Black "Harshal, Shahi"]
[WhiteElo "2422"]
[BlackElo "2159"]
[Result "1-0"]
[PlyCount "45"]
[EventDate "2014.08.22"]

1. Nf3 d5 2. d4 Nf6 3. c4 c6 4. e3 Bf5 5. Nc3 e6 6. Nh4 Be4 7. f3 Bg6 8. Qb3
Qb6 9. Nxg6 hxg6 10. Bd2 Nbd7 11. Kf2 Qc7 12. g3 Bd6 13. Kg2 Nh5 14. cxd5 cxd5
15. Rc1 Bxg3 16. Nxd5 Qb8 17. Nc3 Bh4 18. Ne4 Nhf6 19. Bc4 O-O 20. Bb4 Nxe4 21.
Bxf8 Qxf8 22. fxe4 Qe7 23. Rhf1 1-0

[Event "XXXIV Festival Conca della Presolana Magistrale"]
[Site "Bratto - Castione della Presolana ITA"]
[Date "2014.08.27"]
[Round "6"]
[White "Locatelli, Andrea"]
[Black "Ventura, Salvatore"]
[WhiteElo "2138"]
[BlackElo "2059"]
[Result "1-0"]
[PlyCount "59"]
[EventDate "2014.08.22"]

1. e4 c5 2. Nf3 Nc6 3. d4 cxd4 4. Nxd4 g6 5. Nc3 Bg7 6. Be3 Nf6 7. Bc4 Qa5 8.
O-O O-O 9. Bb3 d6 10. h3 Bd7 11. Re1 Rfe8 12. Qe2 Nxd4 13. Bxd4 e5 14. Be3 Bc6
15. Rad1 Nxe4 16. Nxe4 d5 17. Qd2 Qxd2 18. Nxd2 b5 19. c3 a5 20. a3 d4 21. cxd4
exd4 22. Bf4 d3 23. Rxe8+ Rxe8 24. Rc1 Bd7 25. Rc7 Re1+ 26. Nf1 Be6 27. Bd2
Rxf1+ 28. Kxf1 Bxb3 29. Rc8+ Bf8 30. Bh6 1-0

[Event "XXXIV Festival Conca della Presolana Magistrale"]
[Site "Bratto - Castione della Presolana ITA"]
[Date "2014.08.27"]
[Round "6"]
[White "Nicolo', Filippo"]
[Black "Murgia, Andrea"]
[WhiteElo "2066"]
[BlackElo "1967"]
[Result "0-1"]
[PlyCount "114"]
[EventDate "2014.08.22"]

1. e4 e5 2. Bc4 c6 3. d4 d5 4. exd5 cxd5 5. Bb5+ Bd7 6. Bxd7+ Nxd7 7. dxe5 Nxe5
8. Qe2 Qe7 9. Nc3 O-O-O 10. Bf4 Ng6 11. Bg3 d4 12. Nb5 a6 13. Nd6+ Rxd6 14.
Bxd6 Qxe2+ 15. Nxe2 Bxd6 16. Nxd4 Nf6 17. O-O Nh4 18. Rad1 Be5 19. f4 Bc7 20.
g3 Ng6 21. Nf5 Rg8 22. Rfe1 Bb6+ 23. Kg2 Bc5 24. Rd3 Kb8 25. a3 a5 26. Kf3 Rc8
27. c3 Bf8 28. b4 a4 29. g4 Rc4 30. Nd4 Ne7 31. Nb5 Nfd5 32. Re4 Rxe4 33. Kxe4
Nf6+ 34. Kf3 Nc6 35. g5 Ne8 36. Rd7 f6 37. h4 fxg5 38. hxg5 Be7 39. Ke4 h6 40.
Kf5 hxg5 41. fxg5 g6+ 42. Kf4 Ng7 43. Nd4 Nh5+ 44. Ke4 Nxd4 45. Rxe7 Nb5 46.
Re6 Nxc3+ 47. Ke5 Nb5 48. Rxg6 Nxa3 49. Rh6 Ng7 50. Rh7 Ne8 51. g6 Nc4+ 52. Ke6
a3 53. g7 Nxg7+ 54. Rxg7 Ne3 55. b5 Ka7 56. Rg1 Nc2 57. Kd5 Kb6 0-1

[Event "XXXIV Festival Conca della Presolana Magistrale"]
[Site "Bratto - Castione della Presolana ITA"]
[Date "2014.08.27"]
[Round "6"]
[White "Pitzanti, Matteo"]
[Black "Valenti, Giuseppe"]
[WhiteElo "1967"]
[BlackElo "2153"]
[Result "1-0"]
[PlyCount "51"]
[EventDate "2014.08.22"]

1. d4 Nf6 2. Nf3 e6 3. e3 c5 4. Bd3 cxd4 5. exd4 Be7 6. O-O O-O 7. c3 d6 8.
Nbd2 Nbd7 9. Re1 Re8 10. Nf1 b6 11. Ng3 Bb7 12. Bb1 Bf8 13. Ng5 h6 14. Nh3 Qc7
15. f3 g6 16. Be3 Bg7 17. Qd2 Kh7 18. Nf4 Qd8 19. h4 e5 20. Nh3 exd4 21. Bxd4
Rxe1+ 22. Qxe1 h5 23. Ng5+ Kg8 24. Bxg6 Ne5 25. Bxh5 Bh6 26. Bxe5 1-0

[Event "XXXIV Festival Conca della Presolana Magistrale"]
[Site "Bratto - Castione della Presolana ITA"]
[Date "2014.08.27"]
[Round "6"]
[White "Qendro, Llambi"]
[Black "Czakon, Jakub"]
[WhiteElo "2330"]
[BlackElo "2474"]
[Result "1/2-1/2"]
[PlyCount "102"]
[EventDate "2014.08.22"]

1. d4 b5 2. Nf3 Nf6 3. g3 Bb7 4. Bg2 e6 5. a4 b4 6. c4 bxc3 7. bxc3 c5 8. O-O
Be7 9. Ba3 O-O 10. Nbd2 cxd4 11. cxd4 Na6 12. Qb3 Rb8 13. Qd3 Nb4 14. Bxb4 Bxb4
15. Ne5 Nd5 16. Rfc1 Be7 17. Qb5 Bg5 18. Qd3 d6 19. Bxd5 dxe5 20. Bxb7 Rxb7 21.
Rc4 Rd7 22. Ne4 Be7 23. e3 exd4 24. Rxd4 Rxd4 25. exd4 Qd7 26. Qc4 Rd8 27. Rd1
Qb7 28. Nc5 Bxc5 29. Qxc5 Qb3 30. Ra1 Qb2 31. Rd1 Qe2 32. Ra1 Qa6 33. Qe7 Rc8
34. Qd7 h5 35. d5 exd5 36. Qxd5 h4 37. Qh5 Rc4 38. Rd1 Qc8 39. Qg5 f6 40. Qd5+
Kf8 41. Qd6+ Kf7 42. Qd7+ Qxd7 43. Rxd7+ Kg6 44. Rxa7 h3 45. Kf1 Rc1+ 46. Ke2
Rh1 47. Rb7 Kf5 48. a5 Ra1 49. Rxg7 Rxa5 50. Rg8 Ra1 51. Kf3 Ra3+ 1/2-1/2

[Event "XXXIV Festival Conca della Presolana Magistrale"]
[Site "Bratto - Castione della Presolana ITA"]
[Date "2014.08.27"]
[Round "6"]
[White "Ranfagni, Stefano"]
[Black "Bonassi, Tommaso"]
[WhiteElo "2042"]
[BlackElo "2012"]
[Result "0-1"]
[PlyCount "66"]
[EventDate "2014.08.22"]

1. e4 c5 2. Nf3 e6 3. c3 b6 4. d4 Bb7 5. Bd3 c4 6. Bc2 Nf6 7. Nbd2 b5 8. O-O d6
9. Re1 Nbd7 10. Nf1 e5 11. Ng3 g6 12. b3 Rc8 13. bxc4 bxc4 14. Ba3 Be7 15. Rb1
Qc7 16. Qc1 O-O 17. dxe5 Nxe5 18. Nd4 Ba6 19. Qd2 Rfd8 20. f4 Nd3 21. Bxd3 cxd3
22. Rec1 Bf8 23. f5 Re8 24. fxg6 hxg6 25. Qf4 Nd7 26. Nh5 Qa5 27. Rf1 Bc4 28.
Nf5 Qxa3 29. Nh6+ Bxh6 30. Qxh6 Qc5+ 31. Kh1 Qxh5 32. Qf4 Ne5 33. Qf6 d2 0-1